[Event "Muensterland Verbandsliga 1920"]
[Site "Germany"]
[Date "2019.11.30"]
[Round "4.1"]
[White "Lerke, Bernd"]
[Black "Vos, Thomas"]
[Result "1/2-1/2"]
[WhiteElo "1884"]
[BlackElo "2063"]
[PlyCount "87"]
[EventDate "2019.09.07"]
[EventType "team-tourn"]
[EventRounds "7"]
[EventCountry "GER"]
[SourceTitle "EXT 2023"]
[Source "ChessBase"]
[SourceDate "2022.10.05"]
[SourceVersion "1"]
[SourceVersionDate "2022.10.05"]
[SourceQuality "1"]
[WhiteTeam "Nordwalde"]
[BlackTeam "Saerbeck"]
[WhiteTeamCountry "GER"]
[BlackTeamCountry "GER"]

1. Nf3 Nc6 2. d4 d5 3. Bf4 Bg4 4. e3 e6 5. Be2 Bd6 6. Ne5 Bxe2 7. Qxe2 Nge7 8. Nxc6 Nxc6 9. Qg4 Qf6 10. Bxd6 cxd6 11. Nc3 a6 12. 0-0 h5 13. Qg3 h4 14. Qxd6 h3 15. g4 Qg6 16. f3 Rd8 17. Qg3 Nb4 18. Rae1 Nxc2 19. Re2 b5 20. a3 b4 21. axb4 Nxb4 22. f4 f5 23. gxf5 Qxf5 24. e4 dxe4 25. Qxg7 Rh7 26. Qe5 Qxe5 27. dxe5 Rg7+ 28. Kh1 Nd5 29. Nxe4 Rg2 30. Ref2 Ne3 31. Re1 Rd4 32. Nf6+ Kf7 33. Rxg2 Nxg2 34. Rf1 Kg6 35. Ng4 Rxf4 36. Nf2 Kf5 37. Kg1 Ne3 38. Ra1 Ng4 39. Nxh3 Rf3 40. Kg2 Rb3 41. Ra2 Rb6 42. Ng1 Kxe5 43. Kg3 Ne3 44. Nf3+ 1/2-1/2

[Event "Muensterland Verbandsklasse 1819"]
[Site "Germany"]
[Date "2018.12.08"]
[Round "4.1"]
[White "Kloenne, Tim"]
[Black "Vos, Thomas"]
[Result "0-1"]
[WhiteElo "1796"]
[BlackElo "2044"]
[PlyCount "80"]
[EventDate "2018.09.15"]
[EventType "team-tourn"]
[EventRounds "9"]
[EventCountry "GER"]
[SourceTitle "EXT 2020"]
[Source "ChessBase"]
[SourceDate "2019.10.17"]
[SourceVersion "1"]
[SourceVersionDate "2019.10.17"]
[SourceQuality "1"]
[WhiteTeam "Gronau II"]
[BlackTeam "Saerbeck"]
[WhiteTeamCountry "GER"]
[BlackTeamCountry "GER"]

1. c4 Nc6 2. Nc3 e5 3. Nf3 Nf6 4. e3 Bb4 5. Qc2 0-0 6. Nd5 a5 7. a3 Bc5 8. Be2 d6 9. Rb1 e4 10. Ng1 Nxd5 11. cxd5 Qg5 12. g4 Qxd5 13. Nh3 Ne5 14. Nf4 Qc6 15. Rg1 Bb6 16. Qxc6 bxc6 17. b3 Be6 18. Bb2 Bxb3 19. Bxe5 dxe5 20. Rxb3 exf4 21. Rc3 f5 22. exf4 fxg4 23. Rxg4 Rf6 24. Bc4+ Kh8 25. Rcg3 g6 26. Rh3 Raf8 27. f5 gxf5 28. Rgh4 h6 29. Rxh6+ Rxh6 30. Rxh6+ Kg7 31. Rh3 Kf6 32. Ke2 Ke5 33. Rh5 Rf6 34. h4 Rg6 35. Kf1 Rg4 36. Rh8 Rf4 37. h5 Rxf2+ 38. Ke1 Rh2 39. h6 Rh1+ 40. Ke2 f4 0-1

[Event "NRW Class1 1617"]
[Site "Germany"]
[Date "2017.03.05"]
[Round "7.4"]
[White "Sirringhaus, Wilfried"]
[Black "Vos, Thomas"]
[Result "1/2-1/2"]
[WhiteElo "2212"]
[BlackElo "2273"]
[PlyCount "91"]
[EventDate "2016.09.25"]
[EventType "team-tourn"]
[EventRounds "9"]
[EventCountry "GER"]
[SourceTitle "EXT 2023"]
[Source "ChessBase"]
[SourceDate "2022.10.05"]
[SourceVersion "1"]
[SourceVersionDate "2022.10.05"]
[SourceQuality "1"]
[WhiteTeam "Duisburg PSV"]
[BlackTeam "Neuenkirchen"]
[WhiteTeamCountry "GER"]
[BlackTeamCountry "GER"]

1. e4 e6 2. d4 d5 3. Nc3 Be7 4. Nf3 Nf6 5. Bd3 c5 6. exd5 Nxd5 7. 0-0 Nxc3 8. bxc3 Nc6 9. Rb1 Qc7 10. Re1 h6 11. Qe2 Bd7 12. Ne5 Nxe5 13. Bf4 Bc6 14. Bxe5 Bd6 15. Qh5 0-0-0 16. Bxd6 Qxd6 17. Qxf7 Rhf8 18. Qxe6+ Qxe6 19. Rxe6 cxd4 20. cxd4 Rxd4 21. Re7 Rg4 22. g3 Kd8 23. Rbe1 Rg5 24. h4 Rg4 25. R1e6 Rb4 26. Be4 Re8 27. Rxe8+ Bxe8 28. Re5 b6 29. f4 Rb2 30. g4 Rxa2 31. g5 Ra5 32. Rxa5 bxa5 33. f5 hxg5 34. hxg5 Ke7 35. Bd5 a4 36. Ba2 Bd7 37. f6+ gxf6 38. gxf6+ Kxf6 39. Kf2 Bf5 40. Ke3 Bxc2 41. Kd2 Bf5 42. Kc3 a5 43. Kb2 Ke5 44. Ka3 Bc2 45. Bb1 Bd1 46. Bd3 1/2-1/2

[Event "NRW Class1 1617"]
[Site "Germany"]
[Date "2017.02.12"]
[Round "6.4"]
[White "Vos, Thomas"]
[Black "Goessling, Guido"]
[Result "1/2-1/2"]
[WhiteElo "2273"]
[BlackElo "2202"]
[PlyCount "83"]
[EventDate "2016.09.25"]
[EventType "team-tourn"]
[EventRounds "9"]
[EventCountry "GER"]
[SourceTitle "EXT 2023"]
[Source "ChessBase"]
[SourceDate "2022.10.05"]
[SourceVersion "1"]
[SourceVersionDate "2022.10.05"]
[SourceQuality "1"]
[WhiteTeam "Neuenkirchen"]
[BlackTeam "Bielefeld"]
[WhiteTeamCountry "GER"]
[BlackTeamCountry "GER"]

1. b3 d5 2. Bb2 Bg4 3. g3 Nf6 4. Bg2 c6 5. Nf3 Nbd7 6. c4 e6 7. d3 Bd6 8. h3 Bh5 9. g4 Bg6 10. Nh4 Qe7 11. Nc3 d4 12. Nb1 e5 13. Nd2 Ba3 14. Bxa3 Qxa3 15. b4 Qxb4 16. Rb1 Qd6 17. Nxg6 hxg6 18. Rxb7 Nc5 19. Rb1 0-0 20. Qc1 Nfd7 21. g5 f5 22. gxf6 gxf6 23. h4 Kg7 24. h5 gxh5 25. Ne4 Nxe4 26. Bxe4 Rh8 27. Rb7 Kf8 28. Bg6 Rb8 29. c5 Qd5 30. Be4 Qxa2 31. Rxb8+ Nxb8 32. f4 Nd7 33. fxe5 Nxe5 34. Qf4 Ke7 35. Rg1 Rf8 36. Kf2 Qe6 37. Rb1 Rg8 38. Rb7+ Kd8 39. Bf5 Qd5 40. Be4 Qe6 41. Bf5 Qd5 42. Be4 1/2-1/2